000 01384nam a2200385 a 4500
999 _c207314
_d207314
003 BLK
005 20241211123057.0
008 180411b bul|||||r ||||||| ||bul||
010 _aKNG00217076000
020 _a9789547694460
040 _aBLK
041 _aBUL
_cBUL
080 _aАмериканска литература (на САЩ)
_b821.111(73)
_x-312.4
_z821.111(73)-312.4
100 1 _aКливланд, Карън
_eпърви автор
_9351090
139 _aКливланд, Карън
_bК 63
245 1 0 _aТрябва да знам
_bроман
_cКарън Кливланд ; прев. от англ. Елка Виденова.
257 _aUSA
260 _c2018
_9209460
_aСофия
_bОбсидиан
_fВ. Търново : Абагар
300 _a304 с.
_c20 см
380 _aX
500 _aОриг. загл. Need to Know / Karen Cleveland.
659 7 _9178160
_aН
_xНови книги
700 _9370686
_aВиденова, Елка Йорданова
_eпрев. от англ.
765 _aNeed to Know
_cCleveland, Karen
852 _aЦб 294127
856 4 _qpdf
856 4 _qpdf
942 _cKNG
_n0
_050
944 _aCR
_c15.03.2018
_k30576
_lЦветомила Тодорова
944 _aED
_c20.03.2018
_kВиолета_Тройчева
999 _d207314
999 _d207314
999 _d207314
999 _d207314